Les 10 plus grandes villes de Hongrie - Statistiques

Statistiques générales
  • Ce quiz a été pris 140 fois
  • Le résultat moyen est 5 sur 10
Statistiques - réponses
Population Ville % Correct
1 741 041 Budapest
100%
204 124 Debrecen
75%
156 649 Pécs
58%
128 265 Györ
57%
164 883 Szeged
47%
172 637 Miskolc
38%
101 600 Székesfehérvár
25%
116 298 Nyíregyháza
21%
79 534 Szombathely
17%
109 847 Kecskemét
15%
Aucun quiz correspondant
Distribution des résultats
% des personnes avec chaque résultat
Percentile par nombre de réponses
Votre historique - résultats
Vous n’avez pas pris ce quiz